Metódy stanovenia hodnoty podniku a ich využitie v podnikovej praxi bakalárska práca

Salvato in:
Dettagli Bibliografici
Autore principale: Koritková, Andrea
Ente Autore: Podnikovohospodárska fakulta EU so sídlom v Košiciach. Katedra hospodárskej informatiky a matematiky
Altri autori: Nižníková, Zuzana, 1986-
Natura: Libro
Lingua:slovacco
Pubblicazione: Košice 2012
Tags: Aggiungi Tag
Nessun Tag, puoi essere il primo ad aggiungerne!!

MARC

LEADER 00000nbm a2200000 4500
001 0155593
005 20161109111902.8
041 0 |a slo 
044 |a SK 
245 1 0 |a Metódy stanovenia hodnoty podniku a ich využitie v podnikovej praxi  |b bakalárska práca  |c Andrea Koritková ; školiteľ: Zuzana Nižníková 
264 1 |a Košice  |c 2012 
300 |a 52 s. 
100 1 |a Koritková, Andrea 
700 1 |a Nižníková, Zuzana, 1986- 
710 2 |a Podnikovohospodárska fakulta EU so sídlom v Košiciach. Katedra hospodárskej informatiky a matematiky